Perbandingan perlindungan ahli minoriti dalam undang-undang syarikat di Malaysia dan Indonesia /
Saved in:
| 主要作者: | |
|---|---|
| 格式: | Thesis 圖書 |
| 語言: | Malay |
| 出版: |
2005
|
| 主題: | |
| 在線閱讀: | http://studentsrepo.um.edu.my/id/eprint/9441. |
| 標簽: |
添加標簽
沒有標簽, 成為第一個標記此記錄!
|
| LEADER | 01370cam a2200325 i 4500 | ||
|---|---|---|---|
| 001 | u716616 | ||
| 003 | SIRSI | ||
| 008 | 060116s2005 my t 000 0 may m | ||
| 040 | |a UMU |e rda | ||
| 043 | |a a-my--- |a a-io--- | ||
| 092 | |a K668 |b Ind | ||
| 100 | 1 | 0 | |a Indra, Donny |
| 245 | 1 | 0 | |a Perbandingan perlindungan ahli minoriti dalam undang-undang syarikat di Malaysia dan Indonesia / |c Donny Indra. |
| 260 | |c 2005 | ||
| 300 | |a xxv, 279 leaves ; |c 30 cm. | ||
| 500 | |a PUUG06. | ||
| 500 | |a Unpublished. | ||
| 500 | |a Photocopy. | ||
| 502 | |a Dissertation (LLM) -- Fakulti Undang-Undang, Universiti Malaya, 2005. | ||
| 504 | |a Bibliography : leaves 268-279. | ||
| 650 | 0 | |a Corporation law |z Malaysia. | |
| 650 | 0 | |a Corporation law |z Indonesia. | |
| 650 | 0 | |a Minority stockholders |x Legal status, laws, etc. |z Malaysia. | |
| 650 | 0 | |a Minority stockholders |x Legal status, laws, etc. |z Indonesia. | |
| 710 | 2 | 0 | |a Universiti Malaya. |b Fakulti Undang-Undang. |
| 856 | 4 | 1 | |u http://studentsrepo.um.edu.my/id/eprint/9441. |
| 596 | |a 4 | ||
| 999 | |a K668 IND |w LACLL |c 1 |i A512519287 |d 28/1/2006 |f 28/1/2006 |g 1 |l RESTRICTED |m P04UNDANG |r N |s Y |t TESIS |u 26/1/2006 |1 STEM | ||
| 999 | |a K668 IND |w LACLL |c 2 |i A512519312 |d 28/1/2006 |f 28/1/2006 |g 1 |l RESTRICTED |m P04UNDANG |r N |s Y |t TESIS |u 26/1/2006 | ||
| 999 | |a K668 IND |w LACLL |c 1 |i A512519250 |d 28/1/2006 |f 28/1/2006 |g 1 |l K-ARKIB |m P04UNDANG |r N |s Y |t TESIS |u 26/1/2006 | ||
